[Event "Oberliga Ost-B 1920"]
[Site "Germany"]
[Date "2020.01.19"]
[Round "7.2"]
[White "Nguyen, Huy Dat"]
[Black "Langheinrich, Ferenc"]
[Result "1/2-1/2"]
[WhiteElo "2176"]
[BlackElo "2364"]
[PlyCount "22"]
[EventDate "2019.09.29"]
[EventType "team-tourn"]
[EventRounds "11"]
[EventCountry "GER"]
[SourceTitle "EXT 2021"]
[Source "ChessBase"]
[SourceDate "2020.10.23"]
[SourceVersion "1"]
[SourceVersionDate "2020.10.23"]
[SourceQuality "1"]
[WhiteTeam "Erfurt Medizin"]
[BlackTeam "Erfurt Empor"]
[WhiteTeamCountry "GER"]
[BlackTeamCountry "GER"]

1. e4 c6 2. Ne2 d5 3. e5 c5 4. Ng3 g6 5. Bb5+ Nc6 6. 0-0 h5 7. Re1 h4 8. Nf1 Bd7 9. Bxc6 Bxc6 10. d4 e6 11. Nbd2 Nh6 1/2-1/2

[Event "Oberliga Ost-B 1819"]
[Site "Germany"]
[Date "2019.03.24"]
[Round "9.1"]
[White "Nguyen, Huy Dat"]
[Black "Strache, Michael"]
[Result "0-1"]
[WhiteElo "2202"]
[BlackElo "2255"]
[PlyCount "114"]
[EventDate "2018.10.21"]
[EventType "team-tourn"]
[EventRounds "11"]
[EventCountry "GER"]
[SourceTitle "EXT 2020"]
[Source "ChessBase"]
[SourceDate "2019.10.17"]
[SourceVersion "1"]
[SourceVersionDate "2019.10.17"]
[SourceQuality "1"]
[WhiteTeam "Erfurt Medizin"]
[BlackTeam "Sangerhausen"]
[WhiteTeamCountry "GER"]
[BlackTeamCountry "GER"]

1. e4 e5 2. Nf3 Nc6 3. Bb5 Nf6 4. d3 Bc5 5. 0-0 Nd4 6. Nxd4 Bxd4 7. Nc3 c6 8. Bc4 h6 9. Ne2 Bb6 10. Bb3 d6 11. Ng3 Bg4 12. Qe1 h5 13. Be3 h4 14. Nf5 Bxf5 15. exf5 Rh5 16. Qb4 h3 17. gxh3 Rxf5 18. Bxb6 Qxb6 19. Qxb6 axb6 20. Rae1 Kf8 21. Re3 Nh5 22. Rfe1 Nf4 23. d4 Rg5+ 24. Kh1 f6 25. dxe5 fxe5 26. Rg3 Rh5 27. Reg1 g6 28. c3 Kg7 29. Bc2 Rh6 30. a3 Kf6 31. Rf3 g5 32. Bd3 Rxh3 33. Be2 Rh4 34. Bf1 Rah8 35. h3 g4 36. Rfg3 Nxh3 37. Bxh3 Rxh3+ 38. Kg2 Kf5 39. c4 d5 40. cxd5 cxd5 41. Rc1 Rh2+ 42. Kf1 R8h3 43. Rcc3 Rxg3 44. Rxg3 Rh3 45. Rc3 Rxc3 46. bxc3 b5 47. Ke2 Ke4 48. Kd2 Kf3 49. Ke1 d4 50. cxd4 exd4 51. Kf1 d3 52. Ke1 Kg2 53. Kd2 Kxf2 54. Kxd3 g3 55. Kc3 g2 56. Kb4 g1Q 57. Kxb5 Qg6 0-1

[Event "Youth District Germany"]
[Site "Wuerzburg"]
[Date "2018.10.07"]
[Round "7.2"]
[White "Nguyen, Huy Dat"]
[Black "Kololli, Martin"]
[Result "1-0"]
[WhiteElo "2194"]
[BlackElo "2331"]
[PlyCount "55"]
[EventDate "2018.10.02"]
[EventType "team-swiss"]
[EventRounds "7"]
[EventCountry "GER"]
[SourceTitle "CBM 186 Extra"]
[Source "ChessBase"]
[SourceDate "2018.08.24"]
[SourceVersion "1"]
[SourceVersionDate "2018.08.24"]
[SourceQuality "1"]
[WhiteTeam "Thueringen U20"]
[BlackTeam "Schleswig Holstein U20"]
[WhiteTeamCountry "GER"]
[BlackTeamCountry "GER"]

1. e4 e5 2. f4 d6 3. Bc4 Nf6 4. Nc3 Nc6 5. Nf3 Be7 6. d4 exd4 7. Nxd4 0-0 8. 0-0 d5 9. Nxc6 bxc6 10. exd5 Bc5+ 11. Kh1 Ng4 12. Ne4 Bb6 13. f5 Qh4 14. Bf4 Nf2+ 15. Rxf2 Bxf2 16. Qf3 Bxf5 17. Nxf2 Bxc2 18. Rc1 Qe7 19. h3 Bg6 20. dxc6 Rfe8 21. Qg3 Qf6 22. b3 Rad8 23. Bxc7 Rc8 24. Ng4 Qb2 25. Rf1 Qxa2 26. Bxf7+ Bxf7 27. Nh6+ Kf8 28. Rxf7# 1-0

[Event "Youth District Germany"]
[Site "Wuerzburg"]
[Date "2018.10.03"]
[Round "2.2"]
[White "Fromm, Marius"]
[Black "Nguyen, Huy Dat"]
[Result "1/2-1/2"]
[WhiteElo "2022"]
[BlackElo "2194"]
[PlyCount "62"]
[EventDate "2018.10.02"]
[EventType "team-swiss"]
[EventRounds "7"]
[EventCountry "GER"]
[SourceTitle "CBM 186 Extra"]
[Source "ChessBase"]
[SourceDate "2018.08.24"]
[SourceVersion "1"]
[SourceVersionDate "2018.08.24"]
[SourceQuality "1"]
[WhiteTeam "Mecklenburg-Vorpommern U20"]
[BlackTeam "Thueringen U20"]
[WhiteTeamCountry "GER"]
[BlackTeamCountry "GER"]

1. Nf3 g6 2. c4 Bg7 3. Nc3 e5 4. g3 d6 5. Bg2 f5 6. 0-0 Nf6 7. d4 e4 8. Ng5 h6 9. Nh3 0-0 10. f3 exf3 11. Bxf3 Nc6 12. e3 Ne7 13. Nf4 g5 14. Nfd5 Nexd5 15. Nxd5 c6 16. Nc3 Bd7 17. Bd2 Qc7 18. Qc2 Rae8 19. Rae1 Kh8 20. b3 a6 21. Kh1 Bc8 22. d5 Re5 23. dxc6 bxc6 24. Nd1 Ne4 25. Bc1 c5 26. Bb2 Ree8 27. Nc3 Nxc3 28. Bxc3 Bb7 29. Bxg7+ Qxg7 30. Bxb7 Qxb7+ 31. Qg2 Qxg2+ 1/2-1/2

[Event "Youth District Germany"]
[Site "Wuerzburg"]
[Date "2018.10.03"]
[Round "1.2"]
[White "Nguyen, Huy Dat"]
[Black "Polster, Christian"]
[Result "0-1"]
[WhiteElo "2194"]
[BlackElo "2294"]
[PlyCount "101"]
[EventDate "2018.10.02"]
[EventType "team-swiss"]
[EventRounds "7"]
[EventCountry "GER"]
[SourceTitle "CBM 186 Extra"]
[Source "ChessBase"]
[SourceDate "2018.08.24"]
[SourceVersion "1"]
[SourceVersionDate "2018.08.24"]
[SourceQuality "1"]
[WhiteTeam "Thueringen U20"]
[BlackTeam "Niedersachsen U20"]
[WhiteTeamCountry "GER"]
[BlackTeamCountry "GER"]

1. e4 c5 2. Nf3 d6 3. Bc4 Nf6 4. d3 Nc6 5. c3 e6 6. Bb3 Be7 7. Qe2 0-0 8. Nbd2 b5 9. Nf1 Bb7 10. Ng3 Ne5 11. Nxe5 dxe5 12. 0-0 Qb6 13. Kh1 Bd6 14. f4 exf4 15. Bxf4 Bxf4 16. Rxf4 e5 17. Rf2 Bc8 18. Raf1 Be6 19. Rxf6 gxf6 20. Rxf6 Qd8 21. Nh5 Kh8 22. Qf3 Rg8 23. Bxe6 fxe6 24. h3 Rf8 25. Qg3 Qc7 26. Rxe6 Rae8 27. Rxe8 Rxe8 28. Nf6 Rf8 29. Ng4 Rf4 30. Kh2 c4 31. d4 exd4 32. cxd4 Rf7 33. Ne5 Rg7 34. Qf4 Kg8 35. Qf5 Re7 36. Qg5+ Rg7 37. Qh5 Kf8 38. Kh1 b4 39. Qf5+ Ke7 40. d5 c3 41. bxc3 bxc3 42. Nc6+ Ke8 43. Qe6+ Kf8 44. Qf6+ Qf7 45. Qd8+ Qe8 46. Qf6+ Kg8 47. Qxc3 Qxe4 48. Qd2 h6 49. Nb4 Rd7 50. Qc1 Kh7 51. Qf1 0-1

[Event "Erfurt MT op 27th"]
[Site "Erfurt"]
[Date "2017.12.28"]
[Round "5"]
[White "Schmidt, Markus"]
[Black "Nguyen, Huy Dat"]
[Result "1/2-1/2"]
[WhiteElo "2104"]
[BlackElo "2214"]
[PlyCount "35"]
[EventDate "2017.12.26"]
[EventType "swiss"]
[EventRounds "8"]
[EventCountry "GER"]
[SourceTitle "CBM 182 Extra"]
[Source "ChessBase"]
[SourceDate "2018.02.23"]
[SourceVersion "1"]
[SourceVersionDate "2018.02.23"]
[SourceQuality "1"]

1. c4 Nf6 2. g3 e6 3. Bg2 Be7 4. Nf3 0-0 5. 0-0 d5 6. d4 c6 7. Qc2 dxc4 8. Qxc4 b5 9. Qc2 Bb7 10. Rd1 Qb6 11. a3 Nbd7 12. Nc3 c5 13. dxc5 Bxc5 14. e3 Rfd8 15. b4 Be7 16. Bb2 Rac8 17. Qe2 a6 18. Rac1 1/2-1/2

[Event "Pardubice Czech op-A 28th"]
[Site "Pardubice"]
[Date "2017.07.24"]
[Round "4"]
[White "Nguyen, Huy Dat"]
[Black "Matta, Vinay Kumar"]
[Result "1/2-1/2"]
[WhiteElo "2180"]
[BlackElo "2326"]
[PlyCount "82"]
[EventDate "2017.07.21"]
[EventType "swiss"]
[EventRounds "9"]
[EventCountry "CZE"]
[SourceTitle "CBM 179 Extra"]
[Source "ChessBase"]
[SourceDate "2017.08.23"]
[SourceVersion "1"]
[SourceVersionDate "2017.08.23"]
[SourceQuality "1"]

1. e4 e5 2. Qh5 Qe7 3. Nc3 Nf6 4. Qd1 Nc6 5. Bc4 d6 6. d3 Bg4 7. f3 Be6 8. Bg5 h6 9. Bh4 g5 10. Bf2 Bg7 11. Qd2 Qd7 12. Nge2 d5 13. exd5 Nxd5 14. Nxd5 Bxd5 15. Bxd5 Qxd5 16. Nc3 Qd7 17. 0-0-0 0-0-0 18. Kb1 f5 19. h4 Bf6 20. hxg5 hxg5 21. Be3 g4 22. Bg5 Bxg5 23. Qxg5 gxf3 24. gxf3 Rhg8 25. Qh6 f4 26. Ne4 Qf7 27. a3 Nd4 28. Rdg1 Kb8 29. Qh3 b6 30. Rg4 Rxg4 31. Qxg4 Rg8 32. Qh3 Qg6 33. c3 Nf5 34. Qh5 Qg2 35. Rh2 Qf1+ 36. Ka2 Ne3 37. Qxe5 Qxd3 38. Qxf4 Qc4+ 39. b3 Qf1 40. Qxe3 Rg1 41. Qxg1 Qxg1 1/2-1/2

[Event "Pardubice Czech op-A 28th"]
[Site "Pardubice"]
[Date "2017.07.21"]
[Round "1"]
[White "Frolov, Artur"]
[Black "Nguyen, Huy Dat"]
[Result "1-0"]
[WhiteElo "2410"]
[BlackElo "2180"]
[PlyCount "114"]
[EventDate "2017.07.21"]
[EventType "swiss"]
[EventRounds "9"]
[EventCountry "CZE"]
[SourceTitle "CBM 179 Extra"]
[Source "ChessBase"]
[SourceDate "2017.08.23"]
[SourceVersion "1"]
[SourceVersionDate "2017.08.23"]
[SourceQuality "1"]

1. e4 c5 2. Nf3 Nc6 3. d4 cxd4 4. Nxd4 g6 5. c4 Bg7 6. Be3 Nf6 7. Nc3 0-0 8. Be2 d6 9. Qd2 Bd7 10. f3 Nxd4 11. Bxd4 a5 12. b3 Bc6 13. Rd1 Nd7 14. h4 h5 15. Bxg7 Kxg7 16. Qd4+ Kg8 17. f4 Qb6 18. Nd5 Bxd5 19. Qxb6 Nxb6 20. exd5 f5 21. Rh3 Rfc8 22. Re3 Kf7 23. Rb1 Ra7 24. Kd2 a4 25. Rb2 axb3 26. axb3 Nd7 27. Kd3 Nc5+ 28. Kd4 Ra1 29. Bf3 Rc7 30. g3 Rg1 31. b4 Na6 32. Be2 Ra1 33. Reb3 Ra4 34. Bd3 Kf6 35. Bb1 Kf7 36. Kc3 Nb8 37. Ra2 Rxa2 38. Bxa2 Nd7 39. Ra3 Nf6 40. Kd4 b6 41. Bb1 e6 42. dxe6+ Kxe6 43. Ra6 Nd7 44. Bc2 Ke7 45. Ba4 Nf6 46. Rxb6 Ne4 47. Bc6 Nxg3 48. Bf3 Nf1 49. c5 dxc5+ 50. bxc5 Nd2 51. Bd5 Rd7 52. c6 Rd8 53. Ke5 Rc8 54. Rb7+ Kf8 55. Rf7+ Ke8 56. Rg7 Nc4+ 57. Kf6 Kf8 1-0

[Event "Oberliga Ost-B 1617"]
[Site "Germany"]
[Date "2017.02.19"]
[Round "7.2"]
[White "Heyder, Florian"]
[Black "Nguyen, Huy Dat"]
[Result "1/2-1/2"]
[WhiteElo "2161"]
[BlackElo "2174"]
[PlyCount "54"]
[EventDate "2016.10.16"]
[EventType "team-tourn"]
[EventRounds "11"]
[EventCountry "GER"]
[SourceTitle "EXT 2018"]
[Source "ChessBase"]
[SourceDate "2017.10.13"]
[SourceVersion "1"]
[SourceVersionDate "2017.10.13"]
[SourceQuality "1"]
[WhiteTeam "Sangerhausen"]
[BlackTeam "Erfurt Medizin"]
[WhiteTeamCountry "GER"]
[BlackTeamCountry "GER"]

1. d4 Nf6 2. e3 e6 3. f4 Be7 4. Nf3 b6 5. Be2 Ba6 6. 0-0 Bxe2 7. Qxe2 0-0 8. b3 c5 9. c3 Nc6 10. Bb2 Rc8 11. Nbd2 cxd4 12. exd4 Nd5 13. g3 Nb8 14. Rac1 d6 15. f5 exf5 16. Qb5 Nf6 17. Qxf5 Qd7 18. Qd3 Rfe8 19. d5 Qc7 20. c4 Nbd7 21. Qf5 Bf8 22. Ng5 h6 23. Ngf3 g6 24. Qc2 Nxd5 25. Ne4 Bg7 26. Bxg7 Kxg7 27. Qd3 N7f6 1/2-1/2

[Event "Erfurt MT op 26th"]
[Site "Erfurt"]
[Date "2016.12.28"]
[Round "5"]
[White "Nguyen, Huy Dat"]
[Black "Zelbel, Patrick"]
[Result "1/2-1/2"]
[WhiteElo "2168"]
[BlackElo "2448"]
[PlyCount "45"]
[EventDate "2016.12.26"]
[EventType "swiss"]
[EventRounds "8"]
[EventCountry "GER"]
[SourceTitle "CBM 176 Extra"]
[Source "ChessBase"]
[SourceDate "2017.03.02"]
[SourceVersion "1"]
[SourceVersionDate "2017.03.02"]
[SourceQuality "1"]

1. e4 e5 2. Nf3 Nc6 3. Bb5 f5 4. d3 fxe4 5. dxe4 Nf6 6. 0-0 Bc5 7. Bg5 d6 8. Nc3 h6 9. Bxf6 Qxf6 10. Nd5 Qd8 11. b4 Bb6 12. c4 0-0 13. c5 dxc5 14. Bc4 Kh7 15. b5 Nd4 16. Nxe5 c6 17. bxc6 bxc6 18. Ne3 Qg5 19. Nf7 Qg6 20. Ne5 Qg5 21. Nf7 Qg6 22. Ne5 Qg5 23. Nf7 1/2-1/2

[Event "Oberliga Ost-B 1617"]
[Site "Germany"]
[Date "2016.11.20"]
[Round "3.3"]
[White "Nguyen, Huy Dat"]
[Black "Alber, Horst"]
[Result "1/2-1/2"]
[WhiteElo "2174"]
[BlackElo "2318"]
[PlyCount "143"]
[EventDate "2016.10.16"]
[EventType "team-tourn"]
[EventRounds "11"]
[EventCountry "GER"]
[SourceTitle "EXT 2018"]
[Source "ChessBase"]
[SourceDate "2017.10.13"]
[SourceVersion "1"]
[SourceVersionDate "2017.10.13"]
[SourceQuality "1"]
[WhiteTeam "Erfurt Medizin"]
[BlackTeam "Marburg"]
[WhiteTeamCountry "GER"]
[BlackTeamCountry "GER"]

1. d4 Nf6 2. c4 g6 3. g3 Bg7 4. Bg2 0-0 5. Nc3 Nc6 6. Nf3 a6 7. 0-0 Rb8 8. Bf4 d6 9. Rc1 Nh5 10. Bg5 Bd7 11. b3 h6 12. Be3 e5 13. dxe5 dxe5 14. Qd2 Kh7 15. Rfd1 Be6 16. Bc5 Qxd2 17. Nxd2 Rfe8 18. Nd5 Rbc8 19. Ne4 f5 20. Nec3 Bf8 21. Na4 Bg7 22. Nac3 Bf8 23. Bxf8 Rxf8 24. Rd2 Rf7 25. Rcd1 Re8 26. Na4 Kg7 27. Ndc3 e4 28. Nc5 Bc8 29. Nd5 b6 30. Na4 g5 31. Nac3 Ne5 32. f3 exf3 33. exf3 Ng6 34. Kf2 f4 35. g4 Nf6 36. Nxf6 Kxf6 37. Bf1 Bb7 38. Bd3 Ne5 39. Nd5+ Kg7 40. Bf5 b5 41. Re2 bxc4 42. bxc4 Bxd5 43. cxd5 Rfe7 44. Rc2 Rd8 45. Rd4 Rd6 46. Ra4 Kf6 47. Be4 Rb6 48. h3 Kf7 49. Ra5 Ke8 50. Rac5 Kd8 51. a4 Nf7 52. a5 Rb3 53. Bf5 Ree3 54. Rxc7 Rxf3+ 55. Ke1 Rbe3+ 56. Kd1 Rf1+ 57. Kd2 Rf2+ 58. Kd1 Rf1+ 59. Kd2 Rf2+ 60. Kc1 Rxc2+ 61. Rxc2 Nd6 62. Kd2 Nxf5 63. gxf5 Re5 64. Rc6 Rxd5+ 65. Ke2 Rxf5 66. Rxa6 h5 67. Kf3 Rb5 68. Rh6 Rb3+ 69. Kg2 g4 70. Rxh5 Rb2+ 71. Kg1 Rb1+ 72. Kg2 1/2-1/2

[Event "Erfurt op 25th"]
[Site "Erfurt"]
[Date "2015.12.27"]
[Round "2"]
[White "Nguyen, Huy Dat"]
[Black "Koepke, Christian"]
[Result "1/2-1/2"]
[WhiteElo "2143"]
[BlackElo "2323"]
[PlyCount "81"]
[EventDate "2015.12.26"]
[EventType "swiss"]
[EventRounds "8"]
[EventCountry "GER"]
[SourceTitle "EXT 2017"]
[Source "ChessBase"]
[SourceDate "2016.10.25"]
[SourceVersion "1"]
[SourceVersionDate "2016.10.25"]
[SourceQuality "1"]

1. e4 c5 2. Nf3 d6 3. d4 cxd4 4. Nxd4 Nf6 5. Nc3 g6 6. Be2 Bg7 7. 0-0 0-0 8. Be3 Nc6 9. Nb3 Be6 10. f4 Rc8 11. Bf3 Nd7 12. Qe1 Nb6 13. Rd1 Nc4 14. Bc1 b5 15. f5 Bd7 16. Nd5 gxf5 17. Qg3 Kh8 18. Rde1 e6 19. Nf4 Rg8 20. Qh3 e5 21. Nd5 f4 22. Bg4 Bxg4 23. Qxg4 Ne7 24. Rd1 a6 25. c3 Nxd5 26. Rxd5 Bh6 27. Qh3 Qg5 28. Bxf4 Qxg2+ 29. Qxg2 Rxg2+ 30. Kxg2 Bxf4 31. Rf3 Ne3+ 32. Rxe3 Bxe3 33. Rxd6 Rg8+ 34. Kf3 Bf4 35. Rxa6 Bxh2 36. Nc5 Rg3+ 37. Kf2 Rg4 38. Kf3 Rg3+ 39. Kf2 Rg4 40. Kf3 Rg3+ 41. Kf2 1/2-1/2

[Event "GER-chT Lands U20"]
[Site "Hannover"]
[Date "2015.10.05"]
[Round "4.3"]
[White "Zimmer, Luca"]
[Black "Nguyen, Huy Dat"]
[Result "0-1"]
[WhiteElo "1419"]
[BlackElo "2007"]
[PlyCount "88"]
[EventDate "2015.10.03"]
[EventType "team-swiss"]
[EventRounds "7"]
[EventCountry "GER"]
[SourceTitle "CBM 168 Extra"]
[Source "ChessBase"]
[SourceDate "2015.10.29"]
[SourceVersion "1"]
[SourceVersionDate "2015.10.29"]
[SourceQuality "1"]
[WhiteTeam "Saarland (U20)"]
[BlackTeam "Thueringen (U20)"]
[WhiteTeamCountry "GER"]
[BlackTeamCountry "GER"]

1. e4 c5 2. Nc3 Nc6 3. Bb5 Nd4 4. Bd3 g6 5. f4 Bg7 6. Nf3 d6 7. 0-0 Bg4 8. Be2 Nxe2+ 9. Qxe2 Nf6 10. d3 0-0 11. Qf2 Qd7 12. Qh4 Bxf3 13. Rxf3 Qg4 14. Qxg4 Nxg4 15. f5 Bd4+ 16. Kh1 Nf2+ 17. Kg1 Nxe4+ 18. Be3 Nxc3 19. bxc3 Bxc3 20. Rb1 Rab8 21. fxg6 fxg6 22. Rxf8+ Kxf8 23. Rf1+ Kg7 24. Bg5 Bf6 25. Bd2 b5 26. Rb1 b4 27. c3 a5 28. Kf2 Ra8 29. Rc1 Rb8 30. Rb1 Rf8 31. cxb4 axb4 32. Ke1 Ra8 33. Kd1 Rxa2 34. Ke1 Kf7 35. Kd1 Ke6 36. Rb3 Kd5 37. Ke1 Kc6 38. g4 Kb5 39. Rb1 Ka4 40. h3 Ka3 41. Kd1 Ra1 42. Bc1+ Ka2 43. Rxa1+ Bxa1 44. Kd2 Bb2 0-1

[Event "GER-chT Lands U20"]
[Site "Hannover"]
[Date "2014.10.05"]
[Round "4.4"]
[White "Nguyen, Huy Dat"]
[Black "Helmer, Jan"]
[Result "1/2-1/2"]
[WhiteElo "1952"]
[BlackElo "1651"]
[PlyCount "69"]
[EventDate "2014.10.03"]
[EventType "team-swiss"]
[EventRounds "7"]
[EventCountry "GER"]
[SourceTitle "CBM 162 Extra"]
[Source "ChessBase"]
[SourceDate "2014.10.17"]
[SourceVersion "1"]
[SourceVersionDate "2014.10.17"]
[SourceQuality "1"]
[WhiteTeam "Thueringen"]
[BlackTeam "Team Nord"]
[WhiteTeamCountry "GER"]
[BlackTeamCountry "GER"]

1. e4 e6 2. d4 d5 3. Nc3 Bb4 4. exd5 exd5 5. Bd3 Nf6 6. Nge2 0-0 7. 0-0 Bd6 8. Bf4 c6 9. Bxd6 Qxd6 10. Ng3 Be6 11. Qd2 Nbd7 12. Nce2 c5 13. c3 c4 14. Bc2 b5 15. Rae1 Rfe8 16. Nf4 a5 17. Nxe6 fxe6 18. f4 b4 19. Rf2 Re7 20. Rfe2 bxc3 21. bxc3 Rae8 22. Nf1 Nh5 23. g3 g6 24. Ba4 Ng7 25. Ne3 Rb8 26. Bxd7 Rxd7 27. Ng4 Rdb7 28. Nh6+ Kf8 29. Qc1 a4 30. g4 a3 31. f5 exf5 32. gxf5 gxf5 33. Rf1 Rb1 34. Qxb1 Rxb1 35. Rxb1 1/2-1/2

[Event "GER-chT Lands U20"]
[Site "Hannover"]
[Date "2014.10.03"]
[Round "1.4"]
[White "Nguyen, Huy Dat"]
[Black "Kololli, Martin"]
[Result "1-0"]
[WhiteElo "1952"]
[BlackElo "2182"]
[PlyCount "91"]
[EventDate "2014.10.03"]
[EventType "team-swiss"]
[EventRounds "7"]
[EventCountry "GER"]
[SourceTitle "CBM 162 Extra"]
[Source "ChessBase"]
[SourceDate "2014.10.17"]
[SourceVersion "1"]
[SourceVersionDate "2014.10.17"]
[SourceQuality "1"]
[WhiteTeam "Thueringen"]
[BlackTeam "Schleswig Holstein"]
[WhiteTeamCountry "GER"]
[BlackTeamCountry "GER"]

1. e4 e5 2. Nf3 Nc6 3. Bb5 a6 4. Ba4 Nf6 5. 0-0 Be7 6. Re1 b5 7. Bb3 d6 8. c3 0-0 9. h3 Na5 10. Bc2 c5 11. d4 Qc7 12. d5 Re8 13. Nbd2 Bf8 14. Nf1 g6 15. b3 Bg7 16. Ng3 Bd7 17. Bd2 h6 18. Nh2 Kh7 19. Ng4 Ng8 20. Ne3 Ne7 21. h4 h5 22. Ngf5 gxf5 23. Qxh5+ Kg8 24. exf5 f6 25. Be4 Red8 26. Qf3 Kf7 27. Qh5+ Kg8 28. Qf3 Rf8 29. Ng4 Qc8 30. Ne3 Bh6 31. g4 Bf4 32. Kf1 Kf7 33. Ke2 Rh8 34. Rh1 c4 35. b4 Nb7 36. Rag1 a5 37. g5 fxg5 38. hxg5 Bxe3 39. g6+ Kf6 40. Bxe3 Nxf5 41. Rxh8 Qxh8 42. Bxf5 Bxf5 43. Bg5+ Kg7 44. Qxf5 Qh5+ 45. Ke3 Rf8 46. Bf6+ 1-0

[Event "Dresden ZMD op 23rd"]
[Site "Dresden"]
[Date "2014.08.18"]
[Round "4"]
[White "Pirrot, Dieter"]
[Black "Nguyen, Huy Dat"]
[Result "1-0"]
[WhiteElo "2389"]
[BlackElo "1909"]
[PlyCount "70"]
[EventDate "2014.08.15"]
[EventType "swiss"]
[EventRounds "9"]
[EventCountry "GER"]
[SourceTitle "CBM 161 Extra"]
[Source "ChessBase"]
[SourceDate "2014.08.29"]
[SourceVersion "1"]
[SourceVersionDate "2014.08.29"]
[SourceQuality "1"]

1. e4 c5 2. d4 cxd4 3. c3 dxc3 4. Nxc3 Nc6 5. Nf3 e6 6. Bc4 Nge7 7. Bg5 f6 8. Be3 Ng6 9. 0-0 Be7 10. Nb5 0-0 11. Rc1 a6 12. Nd6 Nce5 13. Nxe5 fxe5 14. Bb3 Nf4 15. Nc4 Ng6 16. Nb6 Rb8 17. Qd2 Kh8 18. Rfd1 d6 19. Nxc8 Rxc8 20. Bxe6 Rc6 21. g3 Qe8 22. Bd5 Rxc1 23. Rxc1 Qd7 24. Qd1 b5 25. b4 Qh3 26. f3 h6 27. Rc6 Rf6 28. Qf1 Qh5 29. Kg2 Kh7 30. Rxa6 Nf4+ 31. gxf4 exf4 32. Bd4 Rg6+ 33. Kh1 Bh4 34. Bf7 Rg1+ 35. Kxg1 Qxf7 1-0